aming megalopolis / (Record no. 13051)

MARC details
000 -CABECERA
campo de control de longitud fija 00771nam a2200229 4500
003 - IDENTIFICADOR DEL NÚMERO DE CONTROL
campo de control OSt
005 - FECHA Y HORA DE LA ÚLTIMA TRANSACCIÓN
campo de control 20260530115305.0
008 - DATOS DE LONGITUD FIJA--INFORMACIÓN GENERAL
campo de control de longitud fija 260422b1967 nyua|||| |||| 00| 0 eng d
040 ## - FUENTE DE LA CATALOGACIÓN
Centro catalogador/agencia de origen ICI
Lengua de catalogación spa
Centro/agencia transcriptor ICI
050 ## - SIGNATURA TOPOGRÁFICA DE LA BIBLIOTECA DEL CONGRESO
Número de clasificación HT151
Número de documento/Ítem E52
100 1# - ENTRADA PRINCIPAL--NOMBRE DE PERSONA
Nombre de persona Eldredge, Hanford Wentworth,
Fechas asociadas al nombre 1909-,
9 (RLIN) 31845
245 10 - MENCIÓN DE TÍTULO
Título aming megalopolis /
Mención de responsabilidad, etc. Ed. with a preface and headnotes, by h. wentworth eldredge
264 #1 - PRODUCCIÓN, PUBLICACIÓN, DISTRIBUCIÓN, FABRICACIÓN Y COPYRIGHT
Nombre del de productor, editor, distribuidor, fabricante Anchor Books,
Fecha de producción, publicación, distribución, fabricación o copyright 1967
Producción, publicación, distribución, fabricación y copyright Garden City, New York. :
300 ## - DESCRIPCIÓN FÍSICA
Extensión 576 páginas
Dimensiones 18.2 cm
336 ## - TIPO DE CONTENIDO
Término de tipo de contenido texto
Fuente rdacontent
337 ## - TIPO DE MEDIO
Nombre/término del tipo de medio sin medio
Fuente rdamedia
338 ## - TIPO DE SOPORTE
Nombre/término del tipo de soporte volumen
Fuente rdacarrier
505 ## - NOTA DE CONTENIDO CON FORMATO
Nota de contenido con formato Contenido: v.1. what is and what could be.-- v.2. how to manage an urbanized world
650 #0 - PUNTO DE ACCESO ADICIONAL DE MATERIA--TÉRMINO DE MATERIA
Término de materia o nombre geográfico como elemento de entrada Ciudades y pueblos
9 (RLIN) 22758
650 #0 - PUNTO DE ACCESO ADICIONAL DE MATERIA--TÉRMINO DE MATERIA
Término de materia o nombre geográfico como elemento de entrada Urbanismo
9 (RLIN) 788
942 ## - ELEMENTOS DE PUNTO DE ACCESO ADICIONAL (KOHA)
Fuente del sistema de clasificación o colocación Library of Congress Classification
Tipo de ítem Koha

No items available.